<?xml version="1.0" encoding="UTF-8"?><?xml-stylesheet type="text/xsl" href="static/style.xsl"?><OAI-PMH xmlns="http://www.openarchives.org/OAI/2.0/" xmlns:xsi="http://www.w3.org/2001/XMLSchema-instance" xsi:schemaLocation="http://www.openarchives.org/OAI/2.0/ http://www.openarchives.org/OAI/2.0/OAI-PMH.xsd"><responseDate>2026-06-01T17:45:50Z</responseDate><request verb="GetRecord" identifier="oai:riuma.uma.es:10630/36656" metadataPrefix="marc">https://riuma.uma.es/rest/oai/request</request><GetRecord><record><header><identifier>oai:riuma.uma.es:10630/36656</identifier><datestamp>2026-02-03T11:12:42Z</datestamp><setSpec>com_10630_2254</setSpec><setSpec>col_10630_37953</setSpec></header><metadata><record xmlns="http://www.loc.gov/MARC21/slim" xmlns:dcterms="http://purl.org/dc/terms/" xmlns:doc="http://www.lyncode.com/xoai" xmlns:xsi="http://www.w3.org/2001/XMLSchema-instance" xsi:schemaLocation="http://www.loc.gov/MARC21/slim http://www.loc.gov/standards/marcxml/schema/MARC21slim.xsd">
   <leader>00925njm 22002777a 4500</leader>
   <datafield ind2=" " ind1=" " tag="042">
      <subfield code="a">dc</subfield>
   </datafield>
   <datafield ind2=" " ind1=" " tag="720">
      <subfield code="a">Fernández-Martínez, José Luis</subfield>
      <subfield code="e">author</subfield>
   </datafield>
   <datafield ind2=" " ind1=" " tag="720">
      <subfield code="a">Costa-Font, Joan</subfield>
      <subfield code="e">author</subfield>
   </datafield>
   <datafield ind2=" " ind1=" " tag="260">
      <subfield code="c">2017</subfield>
   </datafield>
   <datafield ind2=" " ind1=" " tag="520">
      <subfield code="a">Recent research on citizen process preferences has highlighted three different models of decision making: representation, participation and stealth democracy. However, the meanings of the two alternatives to the prevailing representative model have not been fully explored. What do citizens have in mind when distinguishing between participatory and stealth models of democracy? Using survey data from several Western European countries, the article explores one distinction within preferences for each of the models: the preference for more referendum-based versus dynamic responsiveness-based solutions on the participatory side and for expert-based versus business-based solutions on the stealth side. The article ends by exploring the impact of left-right ideology&#xd;
and education upon these preferences. The explanatory power of the variables is greater for understanding the internal distinction of the stealth model than the participatory one.</subfield>
   </datafield>
   <datafield ind1="8" ind2=" " tag="024">
      <subfield code="a">Fernández-Martínez, J. L., &amp; Font Fábregas, J. (2017). The devil is in the detail: What do citizens mean when they support stealth or participatory democracy?. Politics, 38(4), 458-479. ISSN: 0263-3957</subfield>
   </datafield>
   <datafield ind1="8" ind2=" " tag="024">
      <subfield code="a">https://hdl.handle.net/10630/36656</subfield>
   </datafield>
   <datafield ind1="8" ind2=" " tag="024">
      <subfield code="a">10.1177/0263395717741799</subfield>
   </datafield>
   <datafield tag="653" ind2=" " ind1=" ">
      <subfield code="a">Democracia directa</subfield>
   </datafield>
   <datafield ind2="0" ind1="0" tag="245">
      <subfield code="a">The devil is in the detail: What do citizens mean when they support stealth or participatory democracy?</subfield>
   </datafield>
</record>
</metadata></record></GetRecord></OAI-PMH>